000 00361nam a2200157Ia 4500
005 20250425160920.0
008 250425s9999 xx 000 0 und d
041 _aeng
082 _a530.12
245 0 _aCONCEPTUAL FOUNDATIONS OF QUANTUM MECHANICS
250 _aS.E.
260 _aS.L.
260 _aSin Pais
_bS.E.
_c1971
942 _c01
010 _a8244
999 _c198768
_d198768